|
|
|
|
| LEADER |
00000nam a22000007a 4500 |
| 003 |
Ucuenca |
| 005 |
20230308230432.0 |
| 008 |
190108b1994 sz ||||| |||| 00| 0 eng d |
| 020 |
|
|
|a 92 4 156175 0
|
| 040 |
|
|
|b spa
|
| 041 |
0 |
|
|a en
|
| 082 |
0 |
|
|a 338.43
|
| 110 |
1 |
|
|a World Health Organization
|9 232076
|
| 245 |
|
|
|a Global comparative assessments in the health sector: disease burden, expenditures, and intervention packages
|c A. D. López y C. J. L. Murray
|h imp
|
| 264 |
|
|
|a Geneva
|b World Health Organization
|c 1994
|
| 300 |
|
|
|a viii, 196 páginas:
|b gra
|c 24 cm
|
| 504 |
|
|
|a incl. ref.
|
| 650 |
|
0 |
|9 324
|a Salud
|
| 650 |
|
0 |
|9 81579
|a Atencion medica
|
| 650 |
|
0 |
|a Evaluación
|9 2305
|
| 700 |
1 |
|
|9 208899
|a Lopez, Alan D.
|e Editor
|
| 700 |
1 |
|
|a Murray, Christopher J. L.
|e Editor
|9 208896
|
| 942 |
|
|
|2 ddc
|c BK
|z bladimir.cabrerar@ucuenca.edu.ec
|
| 999 |
|
|
|c 156581
|d 156581
|